000 00376nam a2200157Ia 4500
003 OSt
005 20240404122610.0
008 170523s9999 xx 000 0 und d
020 _a978-9339203139
040 _cIIMTU MEERUT
100 _aCHANDRA- P
245 0 _aFUNDAMENTALS OF FINANCIAL MANAGEMENT
260 _bDELHI TATA MC GRAW HILL
260 _c1994
942 _2ddc
_c02
999 _c258
_d258